000 00754cab a2200241 4500
001 X83872
008 090401t1997 xxu||||| |||| 00| 0 eng d
035 _a(Sirsi) u78259
041 _aeng
245 _aAlternative land use
260 _c1997
350 _a0
490 _aFarm Development Review
_v11(3) January 1997, (8) LOAN
520 _aArticles of interest to farmers. Covers renewable energy, ostrich farming, conversion of farm buildings, Farm Business Tenancies and classifying farm accommodation.
650 _aFARM ACCOMMODATION
650 _aFARM BUSINESS TENANCIES
650 _aFARM DEVELOPMENT
650 _aOSTRICH FARMING
650 _aRENEWABLE ENERGY
690 _aRURAL PRACTICE
942 _n0
948 _c09/05/1997
999 _c49257
_d49257